Evaluación de las propiedades de la cal como material estabilizante de suelos plásticos para carreteras y su efecto en las características del material a estabilizar

Gespeichert in:
Bibliographische Detailangaben
1. Verfasser: Ávila Esquivel, Tania
Format: Buch
Veröffentlicht: 2010 [San José], C.R.
Schlagworte:
Tags: Tag hinzufügen
Keine Tags, Fügen Sie den ersten Tag hinzu!

MARC

LEADER 00000nam a2200000Ia 4500
003 010261
005 20221231144119.0
008 140114s2010 cr a m 000 ||s d
040 |c cru CEDI  
090 |a TFG 6313 
100 |a Ávila Esquivel, Tania  |9 5453 
245 |a Evaluación de las propiedades de la cal como material estabilizante de suelos plásticos para carreteras y su efecto en las características del material a estabilizar  
260 |c  [San José], C.R.  |b 2010 
300 |a  xvi, 185 hojas : ilustraciones a color, mapas color  
500 |a  Proyecto de graduación (licenciatura en ingeniería civil)--Universidad de Costa Rica. Facultad de Ingeniería. Escuela de Ingeniería Civil 
650 |x MATERIALES PARA CARRETERAS   |x CARRETERAS - SUBRASANTE - SUBRASANTE   |x ESTABILIZACION DE SUELOS  |x INDUSTRIAS   |x  ANALISIS   |9 5454 
942 |c TFG 
999 |c 17097  |d 17097